Statistiques concernant Plus Grandes Villes Nouvelle Aquitaine

Cliquez ici pour prendre le quiz!

Statistiques générales

  • Ce quiz a été pris 251 fois
  • Le résultat moyen est 23 sur 34

Statistiques - réponses

DépartementVille
Population
(en milliers)
% Correct
GirondeBordeaux257
99%
Charente MaritimeLa Rochelle76
96%
Pyrénées AtlantiquesPau76
96%
Haute VienneLimoges131
95%
ViennePoitiers88
94%
Pyrénées AtlantiquesBayonne51
93%
CharenteAngoulême41
89%
Lot et GaronneAgen33
88%
Pyrénées AtlantiquesBiarritz25
88%
LandesMont de Marsan29
87%
Deux SèvresNiort59
87%
DordognePérigueux30
87%
CorrèzeBrive la Gaillarde46
83%
GirondeMérignac70
81%
LandesDax20
79%
GirondePessac64
77%
Charente MaritimeSaintes
25
73%
GirondeLibourne24
69%
Charente MaritimeRochefort23
65%
DordogneBergerac
26
64%
GirondeTalence42
63%
Pyrénées AtlantiquesAnglet39
62%
GirondeBègles29
52%
VienneChâtellerault31
51%
GirondeVillenave d'Ornon35
47%
Lot et GaronneVilleneuve sur Lot21
46%
GirondeCenon25
43%
GirondeLa Teste de Buch26
43%
Gironde
Gradignan
25
40%
GirondeLormont23
40%
GirondeSaint Médard en Jalles31
38%
GirondeLe Bouscat23
28%
GirondeEysines24
26%
GirondeGujan Mestras21
24%

Distribution des résultats

Percentile par nombre de réponses

% des personnes avec chaque résultat

Votre développement - résultats

Vous n’avez pas pris ce quiz